| 000 | 00572cam a2200217ua 4500 | ||
|---|---|---|---|
| 020 |
_a0 07 099108 1 _c108.00 |
||
| 041 |
_aeng _h |
||
| 082 |
_a005.133 _bGOT/TH |
||
| 100 | _aGottfried, Byron S . | ||
| 245 |
_aTheory and problems of programming with PASCAL / _cByron S Gottfried. _hTextual Documents |
||
| 250 |
_a1 / _b. |
||
| 260 |
_aNew York : _bMcGraw Hill Book Company , _c1986. |
||
| 300 | _a407 ; . | ||
| 365 | _a108.00 | ||
| 500 | _a*CSS | ||
| 504 | _a | ||
| 942 | _cBK | ||
| 999 |
_c9513 _d9513 |
||